01205nam a22003137a 4500001000700000003000900007005001700016007000300033008003600036020001600072040003000088082002600118100003200144245014200176246003700318264004300355300006700398336002700465337003500492338003000527590002600557650006600583650001300649700002100662910004100683942001200724952013800736999001700874000497DO-SdBPM20250804123933.0ta160915b1999 nyu |||| 00| 0 spa d a0070593345  aDO-SdBPMbspacBPMSUerda 4a468.2 bE42e 19992221 aElliot, A. Raymondeautor 14aNuevos destinos :bespañol para hispanohablantes /cA. Raymond Elliot ; Ventana al mundo hispanico sections written by Gladys Brignoni.10aEspañol para hispanohablantes. aBoston : bMcGraw-Hill College, c1999 axviii, 320, 45 págianas : bilustraciones, mapas ; c27 cm.  atextobtxt2rdacontent asin mediación bn2rdamedia  avolumen bnc2rdacarrier  aInventariado, 2025/VM 7aLengua españolavLibros de texto para hablantes extranjeros 7aInglés1 aBrignoni, Gladys aVMateo V. Control de calidad. BPMSU  2ddccBK 00102ddc708CGaBPMETbBPMETd2016-09-15eVisión Mundial l0oBPMSU CG 468.2 E42e 1999pBPMSU16090310r2016-09-15w2016-09-15yBK c11390d11390